[Event "Titled Tue 20th May Late"]
[Site "chess.com INT"]
[Date "2025.05.20"]
[Round "6"]
[White "Yurtseven, Melih"]
[Black "Nalbandyan, Vahan"]
[Result "1-0"]
[WhiteTitle "IM"]
[BlackTitle "CM"]
[WhiteElo "2339"]
[BlackElo "2155"]
[WhiteFideId "6312160"]
[BlackFideId "13309439"]
[EventDate "2025.05.20"]

1. e4 d6 2. d4 Nf6 3. Nc3 Nbd7 4. f4 e5 5. Nf3 exd4 6. Nxd4 g6 7. Qe2 Qe7 8. e5
dxe5 9. Ndb5 Nb6 10. Qxe5 Nfd5 11. Nxd5 Nxd5 12. c4 a6 13. cxd5 axb5 14. Bxb5+
Bd7 15. Bxd7+ Kxd7 16. O-O Qxe5 17. fxe5 Bc5+ 18. Kh1 Rhf8 19. Bh6 Rfe8 20.
Rxf7+ Kc8 21. e6 Bd6 22. a3 Ra5 23. Rd1 Rc5 24. Rf2 c6 25. dxc6 Rxc6 26. Re2 Bc5
27. Rc1 Bd4 28. Rxc6+ bxc6 29. b4 Kc7 30. Bf4+ Kb6 31. Bd6 Kb5 32. g3 Bf6 33. e7
Kc4 34. Rf2 Bxe7 35. Re2 Rd8 36. Bxe7 Re8 37. Kg2 Kb3 38. Kf2 Ka4 39. Re5 1-0

[Event "Titled Tue 20th May Late"]
[Site "chess.com INT"]
[Date "2025.05.20"]
[Round "6"]
[White "Yin, Evan"]
[Black "Brzezina, Piotr"]
[Result "0-1"]
[BlackTitle "FM"]
[WhiteElo "2119"]
[BlackElo "2301"]
[WhiteFideId "30953111"]
[BlackFideId "21078874"]
[EventDate "2025.05.20"]

1. d4 Nf6 2. g3 e6 3. Bg2 d5 4. Nf3 b5 5. O-O Bb7 6. b3 Bd6 7. Nbd2 b4 8. a3 a5
9. Bb2 O-O 10. Ne5 Nbd7 11. Ndf3 Nb6 12. Qd3 c5 13. dxc5 Bxc5 14. axb4 axb4 15.
Nd4 Qe7 16. h4 Ne4 17. Ndc6 Qc7 18. Bxe4 dxe4 19. Qb5 Bd6 20. Na5 Bd5 21. Nac4
Nxc4 22. bxc4 Rfb8 23. Rxa8 Bxa8 24. Qa6 Bxe5 25. Bxe5 Qxe5 26. Rd1 h6 27. Rd7
e3 0-1

[Event "Titled Tue 20th May Late"]
[Site "chess.com INT"]
[Date "2025.05.20"]
[Round "6"]
[White "Kravtsiv, Martyn"]
[Black "Roebers, Eline"]
[Result "1-0"]
[WhiteTitle "GM"]
[BlackTitle "IM"]
[WhiteElo "2598"]
[BlackElo "2361"]
[WhiteFideId "14113147"]
[BlackFideId "1058401"]
[EventDate "2025.05.20"]

1. e4 c5 2. Nc3 e6 3. g3 d5 4. Bg2 d4 5. Nce2 Nc6 6. d3 h5 7. f4 h4 8. Nf3 hxg3
9. Nxg3 Bd6 10. O-O Nge7 11. Qe2 Ng6 12. e5 Bc7 13. Ng5 Nh4 14. f5 exf5 15. e6
Bxe6 16. Nxe6 fxe6 17. Qxe6+ Ne7 18. Bxb7 Rb8 19. Bc6+ Kf8 20. Bg5 Qd6 21. Bd7
Rxb2 22. Rae1 Qxe6 23. Rxe6 Nhg6 24. Rxg6 Nxg6 25. Rxf5+ Kg8 26. Be6+ Kh7 27.
Bc1 Nf4 28. Bxf4 Bxf4 29. Rh5+ Kg6 30. Rxh8 Rxc2 31. Ne4 Be3+ 32. Kf1 1-0

[Event "Titled Tue 20th May Late"]
[Site "chess.com INT"]
[Date "2025.05.20"]
[Round "6"]
[White "Tologon tegin, Semetei"]
[Black "Klimakovs, Sergejs"]
[Result "1-0"]
[WhiteTitle "IM"]
[BlackTitle "FM"]
[WhiteElo "2313"]
[BlackElo "2337"]
[WhiteFideId "13800574"]
[BlackFideId "11602066"]
[EventDate "2025.05.20"]

1. d4 Nf6 2. c4 c5 3. d5 b5 4. cxb5 a6 5. bxa6 g6 6. Nc3 Bg7 7. e4 O-O 8. Nf3
Qa5 9. Bd2 d6 10. Be2 Bxa6 11. O-O Bxe2 12. Qxe2 Qa6 13. Qxa6 Nxa6 14. a3 Rfb8
15. Bc1 Nd7 16. Rd1 Nc7 17. Ra2 Nb5 18. Nxb5 Rxb5 19. Nd2 Ne5 20. f3 Nd3 21. Nc4
Bd4+ 22. Kf1 Ra4 23. Ke2 Nb4 24. b3 Nxa2 25. bxa4 Nc3+ 26. Kd3 Nxa4 27. Kc2 Nc3
28. Rd3 Na4 29. Rb3 Rxb3 30. Kxb3 Nc3 31. a4 Kf8 32. Bd2 Ne2 33. a5 1-0

[Event "Titled Tue 20th May Late"]
[Site "chess.com INT"]
[Date "2025.05.20"]
[Round "6"]
[White "Wiebe, Isaac"]
[Black "Mottola, Max"]
[Result "1/2-1/2"]
[WhiteElo "2085"]
[BlackElo "2128"]
[WhiteFideId "2623862"]
[BlackFideId "30985862"]
[EventDate "2025.05.20"]

1. d4 d5 2. c4 c6 3. cxd5 cxd5 4. Nc3 Nc6 5. Bf4 Nf6 6. e3 a6 7. Bd3 Bg4 8. Qb3
Na5 9. Qa4+ b5 10. Qc2 Rc8 11. a3 Bd7 12. Nf3 e6 13. O-O Be7 14. Rfc1 Nh5 15.
Be5 f6 16. Bxh7 fxe5 17. Qg6+ Kf8 18. Qxh5 Be8 19. Qh3 Bg6 20. Nxe5 Bxh7 21.
Qxe6 Bg8 22. Qf5+ Ke8 23. Qg6+ Kf8 24. Qf5+ Ke8 25. Nxd5 Rxc1+ 26. Rxc1 Qxd5 27.
Rc8+ Bd8 28. Qg6+ Kf8 29. Qf5+ Ke8 30. Qg6+ Kf8 31. Qf5+ Ke8 1/2-1/2

[Event "Titled Tue 20th May Late"]
[Site "chess.com INT"]
[Date "2025.05.20"]
[Round "6"]
[White "Montano Vicente, Guadalupe"]
[Black "Luong Phuong Hanh"]
[Result "0-1"]
[BlackTitle "WIM"]
[WhiteElo "1940"]
[BlackElo "2144"]
[WhiteFideId "5181399"]
[BlackFideId "12401013"]
[EventDate "2025.05.20"]

1. d4 Nf6 2. c4 g6 3. Nc3 d5 4. Nf3 Bg7 5. Qb3 dxc4 6. Qxc4 O-O 7. e4 a6 8. Bf4
b5 9. Qxc7 b4 10. Na4 Qxc7 11. Bxc7 Bb7 12. e5 Nd5 13. Bxb8 Raxb8 14. Nc5 Bc8
15. Bxa6 Nf4 16. Bxc8 Rfxc8 17. O-O Ne2+ 18. Kh1 Nxd4 19. Nxd4 Rxc5 20. f4 Rd8
21. Nf3 Rc2 22. Rfb1 Bh6 23. Rd1 Rxd1+ 24. Rxd1 Bxf4 25. g3 Be3 26. Rd3 Bc5 27.
a3 Rxb2 28. axb4 Bxb4 29. Rd8+ Kg7 30. Rb8 h6 31. Nh4 Bc3 32. Re8 Rb7 33. Nf3 g5
34. h3 e6 35. Rc8 Rb1+ 36. Kg2 Rb2+ 37. Kf1 Rb1+ 38. Kg2 Ba1 39. Rc2 Rb5 40. Re2
Kg6 41. g4 Bc3 42. Kf2 Ba5 43. Kg2 Rb1 44. Kh2 Bb6 45. Kg2 Rb3 46. Kg3 Bc7 47.
Kg2 Rc3 48. Kf2 Bb6+ 49. Kg2 Be3 0-1

[Event "Titled Tue 20th May Late"]
[Site "chess.com INT"]
[Date "2025.05.20"]
[Round "6"]
[White "Wu, Derek"]
[Black "Tayar, Jonathan"]
[Result "0-1"]
[WhiteTitle "FM"]
[BlackTitle "IM"]
[WhiteElo "2232"]
[BlackElo "2325"]
[WhiteFideId "30914558"]
[BlackFideId "2606534"]
[EventDate "2025.05.20"]

1. e4 c5 2. Nf3 d6 3. d4 Nf6 4. Nc3 cxd4 5. Nxd4 a6 6. Qe2 e6 7. g4 Qc7 8. g5
Nfd7 9. h4 b5 10. a3 Bb7 11. Bg2 Nb6 12. Be3 Nc4 13. O-O-O Nd7 14. h5 Rc8 15. g6
Nxb2 16. gxf7+ Kxf7 17. Qg4 Be7 18. Qxe6+ Kf8 19. Nd5 Bxd5 20. Qxd5 Qc3 21. Ne6+
Ke8 22. Nxg7+ Qxg7 23. Bd4 Qxg2 24. Bxh8 Na4 25. Rhg1 Qxf2 26. Rg8+ Nf8 27. Qb3
d5 0-1

[Event "Titled Tue 20th May Late"]
[Site "chess.com INT"]
[Date "2025.05.20"]
[Round "6"]
[White "Panarin, Mikhail"]
[Black "Goncharov, Vladimir"]
[Result "1-0"]
[WhiteTitle "GM"]
[WhiteElo "2562"]
[BlackElo "2077"]
[WhiteFideId "4153251"]
[BlackFideId "34162256"]
[EventDate "2025.05.20"]

1. e4 e6 2. d4 d5 3. Nd2 Be7 4. e5 c5 5. c3 Nc6 6. Bd3 cxd4 7. cxd4 Nh6 8. Ndf3
Nf5 9. Ne2 h5 10. g3 Qb6 11. Kf1 Bd7 12. Bxf5 exf5 13. h4 Rc8 14. Kg2 Nd8 15.
Bg5 f6 16. exf6 gxf6 17. Be3 Ne6 18. b3 Bd6 19. Qd2 Kf7 20. Nf4 Bxf4 21. Bxf4
Rc6 22. Rac1 Rhc8 23. Rxc6 Rxc6 24. Re1 a5 25. Be3 Qb4 26. Qd1 Qc3 27. Ng1 Kg6
28. Re2 Rc8 29. Nh3 Bb5 30. Rd2 Qc1 31. a4 Qxd1 32. Rxd1 Be2 33. Re1 Rc2 34. Bc1
Bd3 35. Rxe6 Rxc1 36. Nf4+ Kf7 37. Nxd3 1-0

[Event "Titled Tue 20th May Late"]
[Site "chess.com INT"]
[Date "2025.05.20"]
[Round "6"]
[White "Clawitter, Craig"]
[Black "Arakhamia-Grant, Ketevan"]
[Result "0-1"]
[BlackTitle "GM"]
[WhiteElo "2050"]
[BlackElo "2262"]
[WhiteFideId "2023105"]
[BlackFideId "13600168"]
[EventDate "2025.05.20"]

1. e4 c5 2. Nf3 Nc6 3. d4 cxd4 4. Nxd4 e5 5. Nb5 d6 6. N1c3 a6 7. Na3 Be7 8. Nc4
b5 9. Ne3 Nf6 10. Bd3 O-O 11. O-O Be6 12. a4 b4 13. Ncd5 Bxd5 14. exd5 Nb8 15.
Nf5 e4 16. Re1 Re8 17. Bxe4 Bf8 18. Bg5 Nbd7 19. Qf3 h6 20. Bh4 g6 21. Nd4 Bg7
22. Nc6 Qb6 23. a5 Qc5 24. c3 bxc3 25. b4 Qc4 26. Bxf6 Nxf6 27. Bd3 Qb3 28. Rac1
Nxd5 29. Be4 Nxb4 0-1

[Event "Titled Tue 20th May Late"]
[Site "chess.com INT"]
[Date "2025.05.20"]
[Round "6"]
[White "Nakara Husain"]
[Black "Platzgummer, Fabian"]
[Result "0-1"]
[BlackTitle "IM"]
[WhiteElo "1701"]
[BlackElo "2295"]
[WhiteFideId "25636111"]
[BlackFideId "1617222"]
[EventDate "2025.05.20"]

1. e4 c6 2. d4 d5 3. exd5 cxd5 4. Nf3 Nf6 5. Bd3 Nc6 6. c3 Bg4 7. h3 Bxf3 8.
Qxf3 e6 9. Bg5 Be7 10. O-O h6 11. Bf4 O-O 12. Nd2 Rc8 13. Rfc1 Qb6 14. Rab1 Nxd4
15. cxd4 Rxc1+ 16. Rxc1 Qxb2 17. Rc7 Bd8 18. Rc8 Qxd4 19. Nb3 Qa4 20. Bd6 Qd7
21. Bxf8 Qxc8 22. Bb4 e5 23. Bf5 Qc4 24. Bd6 e4 25. Qe3 Bb6 26. Qg3 Qe2 27. Be5
Nh5 28. Qh4 e3 29. fxe3 Qxe3+ 30. Kh1 Qg1# 0-1

[Event "Titled Tue 20th May Late"]
[Site "chess.com INT"]
[Date "2025.05.20"]
[Round "6"]
[White "Di Benedetto, Guillermo"]
[Black "Ruiz Aguilar, Pablo Alexander"]
[Result "1-0"]
[WhiteTitle "FM"]
[BlackTitle "FM"]
[WhiteElo "2289"]
[BlackElo "2141"]
[WhiteFideId "111120"]
[BlackFideId "4401352"]
[EventDate "2025.05.20"]

1. d4 d5 2. c4 c6 3. Nf3 Nf6 4. Nc3 e6 5. g3 Be7 6. Bg2 O-O 7. O-O Nbd7 8. b3 a5
9. Qc2 b6 10. Rd1 Bb7 11. e4 Rc8 12. e5 Ne8 13. h4 Nc7 14. Ng5 Bxg5 15. Bxg5 f6
16. exf6 gxf6 17. Bh6 Rf7 18. Qe2 Kh8 19. Rac1 Qg8 20. Bf4 Nf8 21. Na4 b5 22.
Nc5 Ba8 23. cxb5 Nxb5 24. a4 Nc7 25. Bxc7 Rcxc7 26. Qa6 Ra7 27. Qc8 Ng6 28.
Qxg8+ Kxg8 29. Nxe6 Rfe7 30. Bh3 Kf7 31. Re1 Rab7 32. Nd8+ Ke8 33. Nxb7 Bxb7 34.
Rxe7+ Kxe7 35. Rc5 Kd6 36. Rxa5 Kc7 37. Rc5 Ba6 38. b4 Bc4 39. b5 Ne7 40. a5
Bxb5 41. f3 Kd6 42. Kf2 Ng6 43. Bc8 Nf8 44. Rxb5 cxb5 45. a6 Kc7 46. a7 1-0

[Event "Titled Tue 20th May Late"]
[Site "chess.com INT"]
[Date "2025.05.20"]
[Round "6"]
[White "Smirnova, Ekaterina"]
[Black "Bratovic, Blaz"]
[Result "0-1"]
[WhiteTitle "WIM"]
[BlackTitle "IM"]
[WhiteElo "2096"]
[BlackElo "2319"]
[WhiteFideId "4110943"]
[BlackFideId "14603551"]
[EventDate "2025.05.20"]

1. d4 f5 2. Nc3 Nf6 3. Bg5 d5 4. Qd2 e6 5. e3 Be7 6. O-O-O O-O 7. Nh3 c5 8. dxc5
Nbd7 9. Nf4 Nxc5 10. f3 a6 11. h4 b5 12. h5 b4 13. Nce2 h6 14. Bh4 Bd6 15. Bxf6
Rxf6 16. Nxd5 exd5 17. Qxd5+ Be6 18. Qxd6 Qc8 19. Nd4 Bxa2 20. Qe5 a5 21. Bd3 a4
22. Bxf5 Rxf5 23. Qe7 Rf7 24. Qe5 Nb3+ 25. Nxb3 axb3 26. Rd2 bxc2 27. Rxc2 Qf8
28. Rc6 Bb3 29. Kd2 Rd7+ 30. Ke2 Rad8 31. Kf2 Rd2+ 32. Kg3 Bd5 33. Rg6 Ba8 34.
Rc1 Kh7 0-1

[Event "Titled Tue 20th May Late"]
[Site "chess.com INT"]
[Date "2025.05.20"]
[Round "6"]
[White "Schuster, Karsten"]
[Black "Da Matta, Eduardo Cesar"]
[Result "1-0"]
[WhiteTitle "FM"]
[WhiteElo "2266"]
[BlackElo "2047"]
[WhiteFideId "4611071"]
[BlackFideId "2193108"]
[EventDate "2025.05.20"]

1. d4 d5 2. c4 c6 3. cxd5 cxd5 4. Bf4 Nf6 5. Nc3 a6 6. e3 Nc6 7. Bd3 e6 8. Nf3
Bd6 9. Bg3 O-O 10. Rc1 Qe7 11. a3 e5 12. dxe5 Nxe5 13. Nxe5 Bxe5 14. Bh4 Be6 15.
O-O Rad8 16. f4 Bxc3 17. Rxc3 Bg4 18. Qxg4 Qxe3+ 19. Bf2 Qxf2+ 20. Rxf2 Nxg4 21.
Rd2 Rfe8 22. Be2 Nf6 23. Bf3 Ne4 24. Bxe4 dxe4 25. Rxd8 Rxd8 26. Kf2 g6 27. Ke3
f5 28. Rc7 Rd3+ 29. Ke2 Rb3 30. Rc2 Kf7 31. g3 Kf6 32. Kd2 h6 33. Kc1 g5 34. Rd2
gxf4 35. gxf4 Ke6 36. Rg2 Rf3 37. Rg6+ Kd5 38. Rxh6 e3 39. Kd1 Rf2 40. h4 Ke4
41. h5 Kf3 42. Re6 e2+ 43. Kd2 Rh2 44. h6 Kg4 45. b4 Kxf4 46. a4 1-0

[Event "Titled Tue 20th May Late"]
[Site "chess.com INT"]
[Date "2025.05.20"]
[Round "6"]
[White "Shubenkova, Veronika"]
[Black "Azamikia, Mehran"]
[Result "1-0"]
[WhiteTitle "WFM"]
[BlackTitle "CM"]
[WhiteElo "2024"]
[BlackElo "2130"]
[WhiteFideId "44124040"]
[BlackFideId "12502502"]
[EventDate "2025.05.20"]

1. d4 d5 2. e3 Nf6 3. f4 c5 4. Nf3 Nc6 5. c3 Bf5 6. Bd3 Bxd3 7. Qxd3 e6 8. Nbd2
Bd6 9. Ne5 O-O 10. O-O a6 11. b3 Rc8 12. Bb2 b5 13. Rac1 Qe7 14. Qe2 Rfd8 15. h3
g6 16. Rfd1 Rc7 17. a4 c4 18. axb5 axb5 19. b4 Ne4 20. Nxe4 dxe4 21. Ra1 Bxe5
22. fxe5 Ra7 23. Rxa7 Nxa7 24. Ra1 Qb7 25. Bc1 Nc8 26. Ra5 Ne7 27. Qa2 Nd5 28.
Bd2 Rb8 29. Ra7 Qc8 30. Qa5 Qf8 31. Qa1 Qd8 32. Qe1 Qg5 33. Qf2 Rf8 34. Kh2 f6
35. exf6 Rxf6 36. Qe1 h5 37. Rb7 Rf5 38. Rxb5 Nf6 39. Rxf5 1-0

[Event "Titled Tue 20th May Late"]
[Site "chess.com INT"]
[Date "2025.05.20"]
[Round "6"]
[White "Dogan, Mire Deniz"]
[Black "Avramidou, Anastasia"]
[Result "1/2-1/2"]
[WhiteTitle "FM"]
[BlackTitle "FM"]
[WhiteElo "2089"]
[BlackElo "2294"]
[WhiteFideId "6317456"]
[BlackFideId "4239873"]
[EventDate "2025.05.20"]

1. e4 e5 2. Nf3 Nc6 3. Nc3 g6 4. Bc4 Bg7 5. O-O Nge7 6. d3 O-O 7. a4 d6 8. Be3
Be6 9. Bxe6 fxe6 10. Ng5 Qd7 11. Qg4 Nd8 12. f4 h6 13. Nh3 Ndc6 14. Nd5 h5 15.
Nxe7+ Nxe7 16. Qg3 exf4 17. Nxf4 Kh7 18. Qh3 Rf6 19. g4 e5 20. Nxh5 gxh5 21.
Rxf6 Bxf6 22. Qxh5+ Kg8 23. g5 Bh8 24. g6 Nxg6 25. Qxg6+ Qg7 26. Qxg7+ Bxg7 27.
Rf1 c6 28. Kg2 d5 29. Rf5 a6 30. Kf3 Rd8 31. h4 Rd7 32. h5 Kh7 33. Kg4 dxe4 34.
dxe4 b5 35. a5 Kg8 36. h6 Bh8 37. Kh5 Rd1 38. Kg6 Rd6+ 39. Kh5 Rd1 40. Rg5+ Kf7
41. Rf5+ Kg8 1/2-1/2

[Event "Titled Tue 20th May Late"]
[Site "chess.com INT"]
[Date "2025.05.20"]
[Round "6"]
[White "Nguyen Hong Nhung"]
[Black "Distaso, Antonio Pio"]
[Result "0-1"]
[WhiteTitle "WFM"]
[WhiteElo "2197"]
[BlackElo "2253"]
[WhiteFideId "12412201"]
[BlackFideId "805548"]
[EventDate "2025.05.20"]

1. e4 c5 2. Nf3 e6 3. d4 cxd4 4. Nxd4 Nc6 5. Nc3 Qc7 6. Be3 a6 7. Qf3 Nf6 8.
O-O-O Ne5 9. Qg3 b5 10. f4 Neg4 11. e5 Nxe3 12. Qxe3 b4 13. Na4 Nd5 14. Qb3 Nxf4
15. g3 Bb7 16. Rg1 Nd5 17. Bg2 Be7 18. Nf5 Bg5+ 19. Kb1 O-O 20. Nd6 Bc6 21. h4
Bh6 22. Nf5 Qa5 23. Bxd5 Bxa4 24. Qf3 Rac8 25. Ne7+ Kh8 26. Nxc8 Rxc8 27. Be4
Qxe5 28. g4 g6 29. c3 bxc3 30. Rc1 Bg7 31. g5 c2+ 32. Ka1 Qxb2# 0-1

[Event "Titled Tue 20th May Late"]
[Site "chess.com INT"]
[Date "2025.05.20"]
[Round "6"]
[White "Demchenko, Anton"]
[Black "Bernabeu Lopez, Carlos Javier"]
[Result "1/2-1/2"]
[WhiteTitle "GM"]
[BlackTitle "FM"]
[WhiteElo "2619"]
[BlackElo "2402"]
[WhiteFideId "4160258"]
[BlackFideId "2235366"]
[EventDate "2025.05.20"]

1. e4 e5 2. Nf3 Nf6 3. Nxe5 Nxe4 4. Nf3 d5 5. Nc3 Nxc3 6. dxc3 c6 7. c4 Be6 8.
Ng5 Qf6 9. Nxe6 fxe6 10. Qh5+ Qf7 11. Be2 Nd7 12. Qxf7+ Kxf7 13. Bd2 Be7 14.
O-O-O Bf6 15. Rhe1 Rhe8 16. cxd5 exd5 17. Bf1 Nc5 18. Rxe8 Rxe8 19. f3 Ne6 20.
Re1 Bg5 21. Bxg5 Nxg5 22. Rxe8 Kxe8 23. Bd3 h6 24. Kd2 Ke7 25. Ke3 c5 26. c3 Kf6
27. f4 Nf7 28. g3 Nd6 29. Be2 b6 30. b3 g5 31. Bf3 d4+ 32. cxd4 Nf5+ 33. Kd3
Nxd4 34. fxg5+ hxg5 35. Bg4 Ke5 36. h4 gxh4 37. gxh4 b5 38. h5 Nxb3 39. axb3 c4+
40. Kc3 cxb3 41. h6 Kf6 42. Bf5 a5 43. Kxb3 Kf7 44. Bh7 Kf8 45. Kc3 Kf7 46. Kd4
a4 47. Kc3 a3 48. Kb3 b4 49. Bb1 Kg8 50. h7+ Kh8 51. Kxb4 a2 52. Bxa2 Kxh7 1/2-1/2

[Event "Titled Tue 20th May Late"]
[Site "chess.com INT"]
[Date "2025.05.20"]
[Round "6"]
[White "Kaasen, Tor Fredrik"]
[Black "Kosakowski, Jakub"]
[Result "0-1"]
[WhiteTitle "IM"]
[BlackTitle "GM"]
[WhiteElo "2471"]
[BlackElo "2530"]
[WhiteFideId "1516647"]
[BlackFideId "1185080"]
[EventDate "2025.05.20"]

1. e4 c6 2. d4 d5 3. exd5 cxd5 4. Bd3 Nc6 5. c3 Qc7 6. h3 e5 7. dxe5 Nxe5 8. Nf3
Nxd3+ 9. Qxd3 Bd6 10. O-O Ne7 11. Re1 O-O 12. Be3 Bf5 13. Qd1 a6 14. Nbd2 Rad8
15. Nd4 Bc8 16. N2f3 Nc6 17. Qc2 h6 18. Rad1 Rfe8 19. a3 Bf8 20. Qc1 Na5 21. Bf4
Qb6 22. Qc2 Nc4 23. Rxe8 Rxe8 24. Nb3 Bd7 25. Nbd4 Qxb2 26. Qxb2 Nxb2 27. Rb1
Nd3 28. Bg3 b5 29. Rd1 Nb2 30. Ra1 Nc4 31. Nc2 Bf5 32. Nb4 a5 33. Nxd5 Nxa3 34.
Nc7 Rc8 35. Nd4 Bd7 36. Nd5 Nc4 37. Rb1 b4 38. cxb4 axb4 39. Nxb4 Nd2 40. Rd1
Bxb4 41. Bf4 Ne4 42. Nf3 Be6 43. Ne5 Nc3 44. Rd2 Nd5 45. Rd4 Bc5 46. Re4 Nxf4
47. Rxf4 Bd6 0-1

[Event "Titled Tue 20th May Late"]
[Site "chess.com INT"]
[Date "2025.05.20"]
[Round "6"]
[White "Ragger, Markus"]
[Black "Harriott, Tyrell"]
[Result "1-0"]
[WhiteTitle "GM"]
[WhiteElo "2566"]
[BlackElo "1924"]
[WhiteFideId "1610856"]
[BlackFideId "2086484"]
[EventDate "2025.05.20"]

1. d4 e6 2. c4 d5 3. Nf3 c6 4. g3 f5 5. Bg2 Bd6 6. O-O Nf6 7. b3 O-O 8. Ba3 f4
9. Bxd6 Qxd6 10. Nc3 Nbd7 11. Qd3 fxg3 12. hxg3 Ng4 13. e4 dxc4 14. Qxc4 Qe7 15.
d5 Nb6 16. Qd4 e5 17. d6 Qf6 18. Qd2 h6 19. Rad1 Qf7 20. Nh2 Qh5 21. Nxg4 Bxg4
22. Rde1 Rad8 23. Re3 Rf6 24. Rd3 Nd7 25. f3 Be6 26. Qf2 b6 27. Rd2 Bf7 28. Ne2
Nc5 29. g4 Qg6 30. Ng3 Re6 31. Nf5 Qf6 32. Rfd1 Kh7 33. Qe3 Qg5 34. Qxg5 hxg5
35. Bf1 Ree8 36. Ne7 Rd7 37. Rh2+ 1-0

[Event "Titled Tue 20th May Late"]
[Site "chess.com INT"]
[Date "2025.05.20"]
[Round "6"]
[White "Bouska, Jiri"]
[Black "Nguyen, Ngoc Truong Son"]
[Result "0-1"]
[WhiteTitle "FM"]
[BlackTitle "GM"]
[WhiteElo "2318"]
[BlackElo "2632"]
[WhiteFideId "23722223"]
[BlackFideId "12401110"]
[EventDate "2025.05.20"]

1. e4 e5 2. Nf3 Nc6 3. Nc3 Nf6 4. Bb5 Nd4 5. Nxd4 exd4 6. e5 Qe7 7. O-O Ng8 8.
Nd5 Qc5 9. Qf3 Ne7 10. Nxe7 Bxe7 11. Bd3 Qxe5 12. b3 d5 13. Ba3 Be6 14. Bxe7
Kxe7 15. Rae1 Qd6 16. Qg4 c5 17. f4 Kf8 18. f5 Bd7 19. Qh4 f6 20. Rf2 Re8 21.
Rxe8+ Bxe8 22. Re2 Bf7 23. Re1 h6 24. a4 Kg8 25. Qg4 Kh7 26. Kf2 Re8 27. Rxe8
Bxe8 28. h3 Bf7 29. Qe2 Qe5 30. Kg1 Qxe2 31. Bxe2 Kg8 32. Kf2 Kf8 33. Kf3 Ke7
34. Kf4 Kd6 35. Bf3 b6 36. Be2 c4 37. b4 a5 38. b5 Kc5 39. c3 dxc3 40. dxc3 d4
41. cxd4+ Kxd4 42. Bd1 c3 43. Bc2 Bc4 44. g4 Bd3 45. Bd1 c2 46. Bxc2 Bxc2 47. h4
Bxa4 48. g5 hxg5+ 49. hxg5 Bxb5 50. gxf6 gxf6 51. Kg4 a4 52. Kh5 a3 53. Kg6 Ke5
54. Kf7 a2 55. Ke7 a1=Q 56. Kf7 Qa7+ 57. Kf8 0-1

[Event "Titled Tue 20th May Late"]
[Site "chess.com INT"]
[Date "2025.05.20"]
[Round "6"]
[White "Alazmi, Amani"]
[Black "Tymrakiewicz, Rafal"]
[Result "0-1"]
[WhiteTitle "WCM"]
[BlackTitle "FM"]
[WhiteElo "1725"]
[BlackElo "2189"]
[WhiteFideId "10303553"]
[BlackFideId "1108832"]
[EventDate "2025.05.20"]

1. e4 Nf6 2. d3 e5 3. Nf3 Nc6 4. g3 g6 5. Bg2 Bg7 6. O-O O-O 7. Re1 Re8 8. Be3
d5 9. exd5 Nxd5 10. Bd2 f6 11. Nc3 Be6 12. Qc1 Qd7 13. Bh6 Bh8 14. Ne4 b6 15. a3
Rad8 16. c4 Nde7 17. Rd1 Nf5 18. h4 Nxh6 19. Qxh6 Bg7 20. Qc1 Bg4 21. c5 b5 22.
a4 b4 23. a5 Qf5 24. Kh2 Bxf3 25. Bf1 Bxd1 26. Qxd1 Nd4 27. Bh3 Qf3 28. Qf1 Qe2
29. Qb1 Nf3+ 30. Kg2 Rxd3 31. Qa2+ b3 32. Qa4 Red8 33. Be6+ Kh8 34. Qc6 Nxh4+
35. gxh4 Qf3+ 36. Kh2 Qf4+ 37. Kg2 Qf3+ 38. Kh2 f5 0-1

[Event "Titled Tue 20th May Late"]
[Site "chess.com INT"]
[Date "2025.05.20"]
[Round "6"]
[White "Thorhallsson, Simon"]
[Black "Aranda, Juan Manuel"]
[Result "1-0"]
[WhiteTitle "FM"]
[BlackTitle "CM"]
[WhiteElo "2218"]
[BlackElo "2134"]
[WhiteFideId "2310090"]
[BlackFideId "160458"]
[EventDate "2025.05.20"]

1. Nf3 Nf6 2. g3 g6 3. Bg2 Bg7 4. O-O O-O 5. c4 d6 6. d4 c5 7. Nc3 Nc6 8. d5 Nb8
9. h3 h6 10. e4 e6 11. Re1 exd5 12. exd5 Nbd7 13. Bf4 Nb6 14. Bf1 g5 15. Be3 Bf5
16. Qb3 Qd7 17. h4 Bg4 18. hxg5 Bxf3 19. gxf6 Bxf6 20. Bxh6 Kh7 21. Bxf8 Rxf8
22. Ne4 Qf5 23. Nxf6+ Qxf6 24. Bg2 Bg4 25. Be4+ Kg7 26. Kg2 Nd7 27. Rh1 Rh8 28.
Rxh8 Kxh8 29. Rc1 Ne5 30. f4 Nd7 31. Qc3 Kg7 32. Qxf6+ Kxf6 33. Rh1 b6 34. Rh8
a5 35. Ra8 Be2 36. b3 b5 37. Ra7 1-0

[Event "Titled Tue 20th May Late"]
[Site "chess.com INT"]
[Date "2025.05.20"]
[Round "6"]
[White "Pranesh, M"]
[Black "Obregon Rivero, Juan Carlos"]
[Result "1-0"]
[WhiteTitle "GM"]
[BlackTitle "GM"]
[WhiteElo "2576"]
[BlackElo "2476"]
[WhiteFideId "35028600"]
[BlackFideId "3507815"]
[EventDate "2025.05.20"]

1. d4 Nf6 2. Nf3 g6 3. Bg5 Bg7 4. Nbd2 h6 5. Bh4 O-O 6. e4 d6 7. Bd3 c5 8. dxc5
dxc5 9. e5 Ng4 10. Qe2 Nc6 11. e6 Bxe6 12. Bxg6 Bxb2 13. Rb1 Nd4 14. Nxd4 Qxd4
15. O-O Qe5 16. Qxe5 Bxe5 17. Be4 Bxh2+ 18. Kh1 Bf4 19. Nf3 Bd6 20. Rxb7 a5 21.
Bxe7 Bxe7 22. Rxe7 Rab8 23. a3 Bc4 24. Bd3 Bxd3 25. cxd3 Rb3 26. d4 cxd4 27.
Nxd4 Rxa3 28. Nf5 Kh7 29. f3 Nf6 30. Rc1 Nd5 31. Rd7 Ne3 32. Nd6 Kg6 33. Rc6 f6
34. Rcc7 Rg8 35. Nc8 Kg5 36. Rd4 Ra1+ 37. Kh2 Ra2 38. Kh3 Rxg2 39. Ne7 Rg1 40.
Nxg8 Rh1+ 41. Kg3 Nf5+ 42. Kg2 Nxd4 43. Kxh1 Nxf3 44. Ra7 f5 45. Rxa5 h5 46. Ne7
Nh4 47. Nd5 f4 48. Ne3+ Kg6 49. Ng2 Nf5 50. Nxf4+ Kg5 1-0

[Event "Titled Tue 20th May Late"]
[Site "chess.com INT"]
[Date "2025.05.20"]
[Round "6"]
[White "Bortnyk, Olexandr"]
[Black "Kollars, Dmitrij"]
[Result "1-0"]
[WhiteTitle "GM"]
[BlackTitle "GM"]
[WhiteElo "2601"]
[BlackElo "2625"]
[WhiteFideId "14120828"]
[BlackFideId "12909572"]
[EventDate "2025.05.20"]

1. d4 Nf6 2. Nc3 d5 3. Bf4 c5 4. e4 Nxe4 5. Nxe4 dxe4 6. dxc5 Nd7 7. Be3 Qc7 8.
b4 g6 9. Qd4 Nf6 10. Bb5+ Bd7 11. Bxd7+ Qxd7 12. Rd1 Bg7 13. Qc4 Qa4 14. Ne2 a5
15. a3 O-O 16. O-O Qxa3 17. b5 Qb4 18. Qxb4 axb4 19. Nd4 Nd5 20. c6 bxc6 21.
Nxc6 Nc3 22. b6 Nxd1 23. Rxd1 Ra6 24. Nxe7+ Kh8 25. b7 Be5 26. Nc8 Bb8 27. g3
Ra5 28. Bf4 Bxf4 29. gxf4 Rb5 30. Rd7 Kg7 31. Kf1 Kf6 32. Nd6 Rb6 33. Nxe4+ Ke6
34. Nc5+ Kf5 35. Rc7 Rb8 36. Rxf7+ Kg4 37. Kg2 1-0